Histodidáctica : (Registro nro. 30821)

Detalles MARC
000 -LEADER
fixed length control field 01743nam a2200289Ia 4500
003 - CONTROL NUMBER IDENTIFIER
control field CO-CtgCURN
005 - DATE AND TIME OF LATEST TRANSACTION
control field 20250409212019.0
008 - FIXED-LENGTH DATA ELEMENTS--GENERAL INFORMATION
fixed length control field 230315s9999 xx 000 0 und d
020 ## - INTERNATIONAL STANDARD BOOK NUMBER
International Standard Book Number 9789584478986
040 ## - CATALOGING SOURCE
Original cataloging agency CO-CtgCURN
Language of cataloging spa
Transcribing agency coctgcurn
082 ## - DEWEY DECIMAL CLASSIFICATION NUMBER
Classification number 370
Item number M444
100 ## - MAIN ENTRY--PERSONAL NAME
Personal name Mattos Mejía, Jorge Luis
Relator term autor
9 (RLIN) 6811
245 #0 - TITLE STATEMENT
Title Histodidáctica :
Remainder of title una herramienta pedagógica /
Statement of responsibility, etc. Jorge Luis Mattos Mejía
260 ## - PUBLICATION, DISTRIBUTION, ETC.
Place of publication, distribution, etc. Colombia :
Name of publisher, distributor, etc. Litografía Julio Gámez,
Date of publication, distribution, etc. 2016
300 ## - PHYSICAL DESCRIPTION
Extent 95 páginas ;
Dimensions 23 centímetros
500 ## - GENERAL NOTE
General note Incluye índice
504 ## - BIBLIOGRAPHY, ETC. NOTE
Bibliography, etc. note Incluye referencias bibliográficas
505 ## - FORMATTED CONTENTS NOTE
Formatted contents note Cap.1. A partir de la crisis -- Cap.2. Repensar la práctica docente -- Cap.3. Aproximación al concepto, direccionalidad y el pedazo de tiempo -- Cap.4. El cuento de la didáctica -- Cap.5. La causalidad y el estado de alerta -- Cap.6. Las fuentes de un desafió por descubrir --Cap.7. La fé de un hecho
520 ## - SUMMARY, ETC.
Summary, etc. La didáctica es una disciplina no es algo que venga después de ella además de ella o a su lado, para darle una especie de suplemento pedagógico útil. se ocupa de razonar sobre su enseñanza. trata de conocer las operaciones que suceden cuando se aprende una disciplina y, al servicio de este aprendizaje, buscar la mejor manera de resolver los problemas que suceden cuando se enseñan: en definitiva, se trata de ejercer el oficio de enseñar con conocimientos de causa.
521 ## - TARGET AUDIENCE NOTE
Target audience note AREA SOCIOHUAMANISTICA
590 ## - LOCAL NOTE (RLIN)
Local note Todos los Programas académicos
650 ## - SUBJECT ADDED ENTRY--TOPICAL TERM
Topical term or geographic name entry element Educación
9 (RLIN) 6812
650 ## - SUBJECT ADDED ENTRY--TOPICAL TERM
Topical term or geographic name entry element Pedagogía
9 (RLIN) 6813
942 ## - ADDED ENTRY ELEMENTS (KOHA)
Koha item type Libros
Classification part 370
Item part M444
Source of classification or shelving scheme Dewey Decimal Classification
Existencias
Withdrawn status Lost status Source of classification or shelving scheme Damaged status Not for loan Collection Home library Current library Shelving location Date acquired Source of acquisition Inventory number Total checkouts Full call number Barcode Date last seen Copy number Price effective from Koha item type Public note
    Dewey Decimal Classification       Miguel Henríquez Castañeda Barranquilla Miguel Henríquez Castañeda Barranquilla General 02/14/2022 Donación IP 2023 05233   370 M444 05233 03/15/2023 ej.2 03/15/2023 Libros Donación IP 2023
    Dewey Decimal Classification       Miguel Henríquez Castañeda Barranquilla Miguel Henríquez Castañeda Barranquilla General 03/15/2023 Donación IP 2023 05232   370 M444 05232 03/15/2023 ej.1 03/15/2023 Libros Donación IP 2023